000 00981nam a22003017a 4500
001 6300
003 FISKH
005 20250409144116.0
008 250409b cb ||||| |||| 00| 0 eng d
020 _a0590290142
040 _aFISKH
_beng
_cFISKH
_dFISKH
050 _aPZ7.K6797 H
082 _a808.899
100 _aKline, Suzy
_d(1943-)
245 _aHorrible Harry moves up to the third grade /
_cBy Suzy Kline ; Pictures by Frank Remkiewicz
250 _aThis edition first published in 2000
260 _aNew York :
_bScholastic,
_c1998.
300 _a58 pages :
_billustrations ;
_c20 cm
505 _aJ
520 _aHorrible Harry and friends start off third grade with a new room and a field trip to an old copper mine to study rocks.
521 8 _a460
_bLexile
521 8 _aJ
_bRaz-Plus
650 _2Horrible Harry
_aChapter book
650 _2Fiction
_aFunny
700 _aRemkiewicz, Frank
_dillustrator
942 _2ddc
_cBK
_n0
999 _c6300
_d6300